<?xml version="1.0" encoding="UTF-8"?>
<record
    xmlns:xsi="http://www.w3.org/2001/XMLSchema-instance"
    xsi:schemaLocation="http://www.loc.gov/MARC21/slim http://www.loc.gov/standards/marcxml/schema/MARC21slim.xsd"
    xmlns="http://www.loc.gov/MARC21/slim">

  <leader>01917nam a22002777a 4500</leader>
  <controlfield tag="001">8546</controlfield>
  <controlfield tag="003">FISKH</controlfield>
  <controlfield tag="005">20250918163342.0</controlfield>
  <controlfield tag="008">250918b        cb ||||| |||| 00| 0 eng d</controlfield>
  <datafield tag="020" ind1=" " ind2=" ">
    <subfield code="a">9789996301155</subfield>
  </datafield>
  <datafield tag="040" ind1=" " ind2=" ">
    <subfield code="a">FISKH</subfield>
    <subfield code="b">khr </subfield>
    <subfield code="c">FISKH</subfield>
    <subfield code="d">FISKH</subfield>
  </datafield>
  <datafield tag="050" ind1=" " ind2=" ">
    <subfield code="a">PZ7</subfield>
  </datafield>
  <datafield tag="100" ind1=" " ind2=" ">
    <subfield code="a">Tongleang, Noeun</subfield>
  </datafield>
  <datafield tag="245" ind1=" " ind2=" ">
    <subfield code="a">&#x1780;&#x17C6;&#x178E;&#x1794;&#x17CB;&#x17AA;&#x1796;&#x17BB;&#x1780; :</subfield>
    <subfield code="b">Father's buried treasure /</subfield>
    <subfield code="c">&#x1793;&#x17B7;&#x1796;&#x1793;&#x17D2;&#x1792;&#x178A;&#x17C4;&#x1799; &#x179B;&#x17C4;&#x1780; &#x1793;&#x17BF;&#x1793; &#x178F;&#x17BB;&#x1784;&#x179B;&#x17B6;&#x1784;&#x200B;</subfield>
  </datafield>
  <datafield tag="260" ind1=" " ind2=" ">
    <subfield code="a">Phnom Penh : </subfield>
    <subfield code="b">Reading Books , </subfield>
    <subfield code="c">2010.</subfield>
  </datafield>
  <datafield tag="300" ind1=" " ind2=" ">
    <subfield code="a">21 pages : </subfield>
    <subfield code="b">color illustrations ;</subfield>
    <subfield code="c">25 cm . </subfield>
  </datafield>
  <datafield tag="490" ind1=" " ind2=" ">
    <subfield code="a">&#x1796;&#x17B7;&#x1797;&#x1796;&#x179A;&#x17BF;&#x1784;&#x1793;&#x17B7;&#x1791;&#x17B6;&#x1793;</subfield>
  </datafield>
  <datafield tag="505" ind1=" " ind2=" ">
    <subfield code="a">J 
</subfield>
  </datafield>
  <datafield tag="520" ind1=" " ind2=" ">
    <subfield code="a">&#x179A;&#x17BF;&#x1784; &#x1780;&#x17C6;&#x178E;&#x1794;&#x17CB;&#x17AA;&#x1796;&#x17BB;&#x1780;&#x200B; &#x1798;&#x17B6;&#x1793;&#x1782;&#x17C4;&#x179B;&#x1794;&#x17C6;&#x178E;&#x1784;&#x17A2;&#x1794;&#x17CB;&#x179A;&#x17C6;&#x1780;&#x17BB;&#x1798;&#x17B6;&#x179A;&#x17B2;&#x17D2;&#x1799;&#x179F;&#x17D2;&#x178F;&#x17B6;&#x1794;&#x17CB;&#x1796;&#x17B6;&#x1780;&#x17D2;&#x1799;&#x1794;&#x1784;&#x17D2;&#x179A;&#x17C0;&#x1793;&#x179A;&#x1794;&#x179F;&#x17CB;&#x17AA;&#x1796;&#x17BB;&#x1780;&#x1798;&#x17D2;&#x178A;&#x17B6;&#x1799; &#x1793;&#x17B7;&#x1784;&#x1780;&#x17BB;&#x17C6;&#x179F;&#x17BC;&#x179C;&#x179F;&#x17D2;&#x17A2;&#x17B7;&#x178F;&#x1787;&#x17B6;&#x1798;&#x17BD;&#x1799;&#x1798;&#x17B7;&#x178F;&#x17D2;&#x178F;&#x17A2;&#x17B6;&#x1780;&#x17D2;&#x179A;&#x1780;&#x17CB; &#x1796;&#x17D2;&#x179A;&#x17C4;&#x17C7;&#x179C;&#x17B6;&#x17A2;&#x17B6;&#x1785;&#x1793;&#x17B6;&#x17C6;&#x17B2;&#x17D2;&#x1799;&#x1787;&#x17BD;&#x1794;&#x1782;&#x17D2;&#x179A;&#x17C4;&#x17C7;&#x1790;&#x17D2;&#x1793;&#x17B6;&#x1780;&#x17CB; &#x1793;&#x17B7;&#x1784;&#x1794;&#x17B6;&#x178F;&#x17CB;&#x1794;&#x1784;&#x17CB;&#x1796;&#x17C1;&#x179B;&#x179C;&#x17C1;&#x179B;&#x17B6;&#x178A;&#x17CF;&#x1798;&#x17B6;&#x1793;&#x178F;&#x1798;&#x17D2;&#x179B;&#x17C3;&#x17D4; &#x1787;&#x17B6;&#x1780;&#x17CB;&#x179F;&#x17D2;&#x178F;&#x17C2;&#x1784;&#x1798;&#x1780; &#x1780;&#x17CF;&#x1782;&#x17C1;&#x1798;&#x17B7;&#x1793;&#x1782;&#x17BD;&#x179A;&#x1794;&#x17C4;&#x17C7;&#x1794;&#x1784;&#x17CB;&#x1780;&#x17B6;&#x179A;&#x178F;&#x179F;&#x17CA;&#x17BC;&#x1793;&#x17C4;&#x17C7;&#x17A1;&#x17BE;&#x1799; &#x1796;&#x17D2;&#x179A;&#x17C4;&#x17C7;&#x179C;&#x17B6;&#x1787;&#x17B6;&#x1782;&#x1793;&#x17D2;&#x179B;&#x17B9;&#x17C7;&#x178A;&#x17BE;&#x1798;&#x17D2;&#x1794;&#x17B8;&#x1793;&#x17B6;&#x17C6;&#x17B2;&#x17D2;&#x1799;&#x1794;&#x17B6;&#x1793;&#x1787;&#x17C4;&#x1782;&#x1787;&#x17D0;&#x1799; &#x1793;&#x17B7;&#x1784;&#x179B;&#x1791;&#x17D2;&#x1792;&#x1795;&#x179B;&#x179B;&#x17D2;&#x17A2;&#x1794;&#x17D2;&#x179A;&#x179F;&#x17BE;&#x179A;&#x1787;&#x17B6;&#x1784;&#x1798;&#x17BB;&#x1793;&#x17D4;</subfield>
  </datafield>
  <datafield tag="520" ind1=" " ind2=" ">
    <subfield code="a">Father's buried treasure is aimeed at educating the children to follow their parents' advice and not to keep company with bad friends as it might put them in a dangerous situation and wasteds their time. Practically, one should never give up his struggle for it is a key to achieve a better outcome . </subfield>
  </datafield>
  <datafield tag="521" ind1="8" ind2=" ">
    <subfield code="a">500 
</subfield>
    <subfield code="b">Lexile estimate 
</subfield>
  </datafield>
  <datafield tag="521" ind1="8" ind2=" ">
    <subfield code="a">J 
</subfield>
    <subfield code="b">Raz-Plus 
</subfield>
  </datafield>
  <datafield tag="700" ind1=" " ind2=" ">
    <subfield code="a">Bunthorn, Theak </subfield>
    <subfield code="e">Illustrator </subfield>
  </datafield>
  <datafield tag="942" ind1=" " ind2=" ">
    <subfield code="2">ddc</subfield>
    <subfield code="c">KHB</subfield>
    <subfield code="n">0</subfield>
  </datafield>
  <datafield tag="999" ind1=" " ind2=" ">
    <subfield code="c">8546</subfield>
    <subfield code="d">8546</subfield>
  </datafield>
  <datafield tag="952" ind1=" " ind2=" ">
    <subfield code="0">0</subfield>
    <subfield code="1">0</subfield>
    <subfield code="2">ddc</subfield>
    <subfield code="4">0</subfield>
    <subfield code="7">0</subfield>
    <subfield code="8">Khmer-English Bilingual </subfield>
    <subfield code="a">002</subfield>
    <subfield code="b">002</subfield>
    <subfield code="c">TTP Khmer</subfield>
    <subfield code="d">2025-09-18</subfield>
    <subfield code="l">0</subfield>
    <subfield code="o">TON PZ7</subfield>
    <subfield code="p">FIS04481</subfield>
    <subfield code="r">2025-09-18 16:33:39</subfield>
    <subfield code="t">1</subfield>
    <subfield code="w">2025-09-18</subfield>
    <subfield code="y">KHB</subfield>
  </datafield>
  <datafield tag="952" ind1=" " ind2=" ">
    <subfield code="0">0</subfield>
    <subfield code="1">0</subfield>
    <subfield code="2">ddc</subfield>
    <subfield code="4">0</subfield>
    <subfield code="7">0</subfield>
    <subfield code="8">Khmer-English Bilingual </subfield>
    <subfield code="a">002</subfield>
    <subfield code="b">002</subfield>
    <subfield code="c">TTP Khmer</subfield>
    <subfield code="d">2025-11-11</subfield>
    <subfield code="l">0</subfield>
    <subfield code="o">TON PZ7</subfield>
    <subfield code="p">FIS04299</subfield>
    <subfield code="r">2025-11-11 14:13:39</subfield>
    <subfield code="t">2</subfield>
    <subfield code="w">2025-11-11</subfield>
    <subfield code="y">KHB</subfield>
  </datafield>
  <datafield tag="952" ind1=" " ind2=" ">
    <subfield code="0">0</subfield>
    <subfield code="1">0</subfield>
    <subfield code="2">ddc</subfield>
    <subfield code="4">0</subfield>
    <subfield code="7">0</subfield>
    <subfield code="8">Khmer-English Bilingual </subfield>
    <subfield code="a">002</subfield>
    <subfield code="b">002</subfield>
    <subfield code="c">TTP Khmer</subfield>
    <subfield code="d">2025-12-08</subfield>
    <subfield code="l">0</subfield>
    <subfield code="o">TON PZ7</subfield>
    <subfield code="p">2025-5074</subfield>
    <subfield code="r">2025-12-08 15:03:19</subfield>
    <subfield code="t">3</subfield>
    <subfield code="w">2025-12-08</subfield>
    <subfield code="y">KHB</subfield>
  </datafield>
</record>
